00396nam a2200133Ia 4500008004100000020001000041040001600051041001200067082002200079100005200101245003500153260006300188300001100251230917s9999||||xx |||||||||||||| ||und|| cRS332 e25581aMAIN aEnglish a030.954 I2I(1996) aIndia, Ministry of Information and Broadcasting 0aIndia 1996: A reference annual aDelhibIndia, Ministry of Information & Broadcastingc1997 a846 p.